000 00298nam a22001337a 4500
008 171003b xxu||||| |||| 00| 0 eng d
020 _a9780070065369
041 _aeng
080 _26TH
_a159.9
100 _a48
101 _aPSI
245 _aABNORMAL PSYCHOLOGY
_cBOOTZIN,R,R
942 _2udc
_cBK
999 _c31494
_d31494